000 02938nmm a22004337 4500
001 768714001
003 CO-MdFUSB
005 20250731121457.0
007 cd aa aaaaa
008 170505b2016 ck ||||| |||| 00| 0 spa d
040 _aCO-MdFUSB
_bEspañol
_cCO-MdFUSB
_dCO-MdFUSB
041 _aspa
043 _ack
084 _aT CD0073
100 _aSierra, John Alexander
_eautor
245 1 0 _aLiturgia pentecostal en el Ministerio Verdad y Vida
_c/ John Alexander Sierra Gómez ; asesorado por Jhohan Eduardo Centeno Collazos
_h[electrónico]
264 2 _aMedellín, Colombia :
_bFUSBC,
_c2017
300 _a62 páginas
336 _2rdacontent
_atexto
_btxt
337 _2rdamedia
_ainformático
_bc
338 _2rdacarrier
_aremoto
_bcr
502 _aTrabajo de grado
_b(Teología) --
_cFundación Universitaria Seminario Bíblico de Colombia, 2017
504 _aReferencias bibliográficas (páginas: 36-57)
505 _aLiturgia cristiana y pentecostalismo -- Término liturgia -- Elementos de la liturgia -- Ministerio Verdad y Vida de las Asambleas de Dios -- Liturgia del Ministerio Verdad y Vida de las Asambleas de Dios -- Historia de la liturgia y elementos de la misma. -- Fundamentos bíblicos de la liturgia -- El pentecostalismo -- Elaboración de instrumentos -- Conclusiones
506 _aPréstamo en sala
520 3 _aEsta investigación se hizo con el fin de ¿determinar cuál es la comprensión de los pastores y miembros del Ministerio Verdad y Vida sobre su liturgia y las características de la misma? Se inició haciendo un trabajo teórico, determinado ¿qué es liturgia?, y el término “pentecostal” ¿cómo se realizaba?, ¿que bases bíblicas? o ¿teológicamente que se puede conocer? ¿Cuál es su procedencia? También se trabajo el concepto de liturgia pentecostal, sus inicios, y quienes son pentecostales. Se realizó un trabajo de campo por medio de encuestas y entrevistas, conformadas por 16 y 13 preguntas respectivamente, con el fin de determinar el nivel de conocimiento de la liturgia pentecostal. En el ministerio verdad y vida se encuestó a 6 sedes, adicionalmente se tuvo en cuenta a la iglesia Cuadrangular de Sabaneta. Las entrevistas estaban enfocadas a los pastores, en tanto que las encuestas fueron dirigidas al liderazgo (asistentes y líderes). Finalmente se obtuvo un total de 7 entrevistas y 93 encuestas, logrando con este trabajo unas conclusiones y posteriormente unas propuestas de investigación relacionadas con el tema.
535 _aRecurso en REPCI
590 _aPréstamo en sala
650 7 _9208
_aCelebraciones litúrgicas
_zColombia
650 7 _9655
_aIglesia
650 7 _9206
_aLiturgia
650 0 _9142
_aPentecostalismo
653 _aDenominaciones
653 _aPastores
653 _aliderazgo
700 _aCenteno, Jhohan,
_easesor
_990
856 _aREPCI
_uhttps://repositorio.repci.co/handle/123456789/703
942 _cTG
999 _c64021
_d64021